El derecho humano al agua potable y los tratados de protección recíproca de inversiones /

Guardado en:
Autor Principal: Echaide, Javier I.
Formato: Libro
Idioma:Undetermined
Publicado: Ciudad Autónoma de Buenos Aires : La Ley, 2018.
Edición:1a. ed.
Series:Serie Derecho Internacional Público y Derechos Humanos
Materias:
Etiquetas: Agregar Etiqueta
Sin Etiquetas, Sea el primero en etiquetar este registro!
LEADER 00642nam a22001815a 4500
001 DER.der015660
008 260128s2018####xx############000#0#und#d
005 20260128121918.0
245 1 0 |a El derecho humano al agua potable y los tratados de protección recíproca de inversiones /  |c Javier I. Echaide. 
250 |a 1a. ed. 
260 |a Ciudad Autónoma de Buenos Aires :  |b La Ley,  |c 2018. 
300 |a 376 p. 
490 1 |a Serie Derecho Internacional Público y Derechos Humanos 
020 |a 9789870333678 
100 1 |a Echaide, Javier I. 
650 7 |a RECURSOS HUMANOS 
650 7 |a RECURSOS NATURALES 
859 |a DERECHO  |b BIB. DERECHO  |h 346.046  |i ECH  |p 0010788